[Event "Bois Colombes op 2nd"]
[Site "Bois Colombes"]
[Date "2005.12.21"]
[Round "1"]
[White "Picard, Clement"]
[Black "Laurent, Patrick"]
[Result "1-0"]
[WhiteElo "2167"]
[BlackElo "1960"]
[PlyCount "115"]
[EventDate "2005.12.21"]
[EventType "swiss"]
[EventRounds "6"]
[EventCountry "FRA"]
[SourceTitle "EXT 2007"]
[Source "ChessBase"]
[SourceDate "2006.11.23"]
[SourceVersion "1"]
[SourceVersionDate "2006.11.23"]
[SourceQuality "1"]

1. e4 c5 2. Nf3 Nc6 3. Bb5 a6 4. Bxc6 dxc6 5. d3 Bg4 6. Nbd2 e6 7. h3 Bh5 8. 0-0 Bd6 9. Re1 f6 10. a3 e5 11. Nf1 Ne7 12. Ng3 Bg6 13. Nh4 Qd7 14. Be3 0-0 15. Qd2 b6 16. Qc3 Bc7 17. Rf1 Rae8 18. Kh1 Bf7 19. b4 cxb4 20. axb4 Ra8 21. Rfb1 Be6 22. Nf3 Rfb8 23. Ne2 Ng6 24. Nh2 a5 25. bxa5 bxa5 26. Rxb8+ Rxb8 27. Bc5 Ra8 28. Qa3 f5 29. f3 fxe4 30. fxe4 Nh4 31. Ng1 Ng6 32. Ne2 Bd8 33. Rf1 Be7 34. Nf3 h6 35. Bxe7 Qxe7 36. Qxe7 Nxe7 37. Nxe5 a4 38. d4 a3 39. Ra1 Kh7 40. Nf4 Bg8 41. c4 Ra4 42. d5 g5 43. Nfd3 cxd5 44. exd5 Nxd5 45. cxd5 Bxd5 46. Kg1 Bb3 47. Kf2 Bc2 48. Ke3 a2 49. Kd2 Bb1 50. Kc3 Re4 51. Kd2 Rd4 52. Ke3 Ra4 53. Nc6 Ra6 54. Ncb4 Ra4 55. Kd2 Kg6 56. Kc1 Kf5 57. g4+ Ke4 58. Nc5+ 1-0

[Event "Le Touquet op 20th"]
[Site "Le Touquet"]
[Date "2005.10.26"]
[Round "5"]
[White "Triplet, David"]
[Black "Laurent, Patrick"]
[Result "1/2-1/2"]
[WhiteElo "1790"]
[BlackElo "1960"]
[PlyCount "65"]
[EventDate "2005.10.23"]
[EventType "swiss"]
[EventRounds "9"]
[EventCountry "FRA"]
[SourceTitle "EXT 2006"]
[Source "ChessBase"]
[SourceDate "2005.11.24"]
[SourceVersion "1"]
[SourceVersionDate "2005.11.24"]
[SourceQuality "1"]

1. d4 d5 2. c4 dxc4 3. Nc3 e6 4. e4 Bb4 5. Bxc4 Nc6 6. Nge2 Nge7 7. 0-0 0-0 8. Bf4 Ng6 9. Bg3 a6 10. a3 Ba5 11. f4 Bb6 12. Bf2 Nge7 13. b4 Ba7 14. Bb3 b5 15. Rc1 Bb7 16. d5 Bxf2+ 17. Rxf2 exd5 18. Nxd5 Rc8 19. Ng3 Nb8 20. Rd2 Nxd5 21. Bxd5 Bxd5 22. Rxd5 Qf6 23. Nh5 Qb6+ 24. Qd4 Qxd4+ 25. Rxd4 g6 26. Ng3 c6 27. Kf2 Kg7 28. Ne2 Rc7 29. Rd6 Nd7 30. Rdxc6 Ra7 31. Rc7 Rfa8 32. Nd4 Nb6 33. Ke2 1/2-1/2